000 00522nam a2200169Ia 4500
008 230917s9999||||xx |||||||||||||| ||und||
020 _cRS 550.00
040 _e5009131
_aMAIN
041 _aEnglish
082 _a294.5563092 M692M
100 _aMukhopadhyaya, Devendranath
245 0 _aMaharshi Dayanand Saraswati ka jeevan-charita
260 _aDelhi
_bVijaykumar Govindram Hahanand
_c2018
300 _a684 p.
500 _a4558 04/03/2022 HBD22/9287 04/03/2022 Centre for Maharishi Danyand Vedic Studi
942 _cBK
999 _c5589
_d5589